Les buteurs de l'Angleterre au Championnat d'Europe de football 2000 - Statistiques

Statistiques générales
  • Ce quiz a été pris 13 fois
  • Le résultat moyen est 4 sur 5
Statistiques - réponses
Match Minute Buteur % Correct
Angleterre - Allemagne 1-0 53' Alan Shearer
92%
Angleterre - Roumanie2-3 41' Alan Shearer
92%
Angleterre - Roumanie 2-3 45' Michael Owen
92%
Portugal - Angleterre 3-2 3' Paul Scholes
67%
Portugal - Angleterre 3-2 18' Steve McManaman
42%
Aucun quiz correspondant
Distribution des résultats
% des personnes avec chaque résultat
Percentile par nombre de réponses
Votre historique - résultats
Vous n’avez pas pris ce quiz